Microproyectos en países en desarrollo, (Registro nro. 12548)

Detalles MARC
000 -LEADER
fixed length control field 01202nam a2200229Ia 4500
003 - CONTROL NUMBER IDENTIFIER
control field OSt
005 - DATE AND TIME OF LATEST TRANSACTION
control field 20211001112257.0
008 - FIXED-LENGTH DATA ELEMENTS--GENERAL INFORMATION
fixed length control field 210310s1985 ck gr 000 0 spa d
040 ## - CATALOGING SOURCE
Original cataloging agency CO-JMCR
Transcribing agency CO-JMCR
041 0# - LANGUAGE CODE
Language code of text/sound track or separate title spa
-- eng
082 04 - DEWEY DECIMAL CLASSIFICATION NUMBER
Classification number 338.09 /
Item number F727m
Edition number 23
111 2# - MAIN ENTRY--MEETING NAME
Meeting name or jurisdiction name as entry element Foro sobre Microproyectos de desarrollo
Date of meeting or treaty signing (9 de abril 1985 :
Location of meeting Bogotá)
9 (RLIN) 40893
245 10 - TITLE STATEMENT
Title Microproyectos en países en desarrollo,
Remainder of title variaciones sobre un informe al club de Roma /
Statement of responsibility, etc. Foro sobre Microproyectos de desarrollo, Banco central hipotecario
260 ## - PUBLICATION, DISTRIBUTION, ETC.
Place of publication, distribution, etc. Bogotá :
Name of publisher, distributor, etc. Banco central hipotecario,
Date of publication, distribution, etc. 1985.
300 ## - PHYSICAL DESCRIPTION
Extent 161 páginas ;
Dimensions 24 cm.
505 0# - FORMATTED CONTENTS NOTE
Formatted contents note Factores de empobrecimiento y desarrollo. -- Las ONG como fenómeno mundial en evolución. -- Capacidad de las ONG para reducir factores de empobrecimiento. -- Nueva problemática del desarrollo. -- Conclusiones. -- Discusión del informe de BERTRAND SCHNEIDER. -- Informes presentados por Colombia.
546 0# - LANGUAGE NOTE
Language note Textos en Español e Inglés.
650 14 - SUBJECT ADDED ENTRY--TOPICAL TERM
Topical term or geographic name entry element Desarrollo económico
General subdivision Congresos, conferencias,
9 (RLIN) 40894
650 24 - SUBJECT ADDED ENTRY--TOPICAL TERM
Topical term or geographic name entry element Desarrollo rural
General subdivision Congresos, conferencias
9 (RLIN) 40895
710 1# - ADDED ENTRY--CORPORATE NAME
Corporate name or jurisdiction name as entry element Banco central hipotecario
Relator term autor
9 (RLIN) 40896
942 ## - ADDED ENTRY ELEMENTS (KOHA)
Source of classification or shelving scheme Dewey Decimal Classification
Koha item type Books
Existencias
Withdrawn status Lost status Source of classification or shelving scheme Damaged status Not for loan Home library Current library Shelving location Date acquired Source of acquisition Full call number Barcode Date last seen Copy number Price effective from Koha item type
    Dewey Decimal Classification     Biblioteca Pública José María del Castillo y Rada Biblioteca Pública José María del Castillo y Rada General Stacks 04/15/2018 Donación 338.09 / F727m 430004848 05/16/2024 Ej.1 03/10/2021 Books